000 00477nam a22001817a 4500
005 20250716152030.0
008 250716b |||||||| |||| 00| 0 eng d
020 _a0-748-78582-5
050 _aLB 2395 .M94 2004
_b109207
100 _aMYERS BILL
245 _aTHE ESSENTIALS
260 _aLONDON
_bNELSON THOMAS LTD
300 _aiii-314p.
500 _aIT HAS BIBLIOGRAPHY. REFERENCE AND THE INDEX
650 _aMATHEMATICS
700 _aMYERS BILL
942 _2lcc
_cBK
999 _c215902
_d215902